| 000 | 00497nam a22001817a 4500 | ||
|---|---|---|---|
| 005 | 20251108174614.0 | ||
| 008 | 250721s1993 xx 000 0 eng d | ||
| 082 | 1 | 4 | _a325.256094/ARA |
| 100 | 1 | _abaz, ali | |
| 245 | 1 | 0 | _aArab Thought Forum :Arab Immigrants and Muslims In Europe Issues and Prospects / |
| 264 | 1 |
_aAMMAN : _b[د.ن], _c1993. |
|
| 300 | _a159P. | ||
| 490 | 0 | _aINTERNATIONAL DIALOGUE SERIES | |
| 650 | 1 | 7 | _aARAB |
| 650 | 1 | 7 | _aEMIGRATION |
| 942 |
_2ddc _cBK |
||
| 999 |
_c113389 _d113389 |
||